The principles of humane experimental technique / (Record no. 73433)
[ view plain ]
| 000 -LEADER | |
|---|---|
| fixed length control field | 00921nam a2200277 a 4500 |
| 001 - CONTROL NUMBER | |
| control field | 73433 |
| 003 - CONTROL NUMBER IDENTIFIER | |
| rucl marc code | BD-RjUL |
| 005 - DATE AND TIME OF LATEST TRANSACTION | |
| control field | 20211209082408.0 |
| 008 - FIXED-LENGTH DATA ELEMENTS--GENERAL INFORMATION | |
| fixed length control field | 170531s1959 enka b 001 0 eng d |
| 035 ## - SYSTEM CONTROL NUMBER | |
| System control number | (BD-RjUL)73651 |
| 040 ## - CATALOGING SOURCE | |
| Original cataloging agency | DLC/ICU |
| Transcribing agency | ICU |
| Modifying agency | BD-RjUL |
| Language of cataloging | eng |
| 041 ## - LANGUAGE CODE | |
| Language code of text/sound track or separate title | eng |
| 082 00 - DEWEY DECIMAL CLASSIFICATION NUMBER | |
| Edition number | 23 |
| Classification number | 636.0885 |
| Author mark and year | RUP 1959 |
| 100 1# - MAIN ENTRY--PERSONAL NAME | |
| Personal name | Russell, W. M. S. |
| Fuller form of name | (William Moy Stratton) |
| 9 (RLIN) | 217215 |
| 245 14 - TITLE STATEMENT | |
| Title | The principles of humane experimental technique / |
| Statement of responsibility, etc. | [by] W.M.S. Russell and R.L. Burch. |
| 260 ## - PUBLICATION, DISTRIBUTION, ETC. (IMPRINT) | |
| Place of publication, distribution, etc. | London : |
| Name of publisher, distributor, etc. | Methuen & Co., |
| Date of publication, distribution, etc. | c1959. |
| 300 ## - PHYSICAL DESCRIPTION | |
| Pagination | xiv, 238 p. : |
| Illustrations | ill. ; |
| Size | 22 cm. |
| 504 ## - BIBLIOGRAPHY, ETC. NOTE | |
| Bibliography, etc | Includes bibliography and index. |
| 650 #0 - SUBJECT ADDED ENTRY--TOPICAL TERM | |
| Topical term or geographic name as entry element | Laboratory animals. |
| 9 (RLIN) | 217216 |
| Topical term or geographic name as entry element | Alternative toxicity testing. |
| 9 (RLIN) | 217217 |
| Topical term or geographic name as entry element | Vivisection. |
| 9 (RLIN) | 217218 |
| 700 1# - ADDED ENTRY--PERSONAL NAME | |
| Personal name | Burch, R. L. |
| Fuller form of name | (Rex Leonard), |
| Relator term | joint author. |
| 942 ## - ADDED ENTRY ELEMENTS (KOHA) | |
| Source of classification or shelving scheme | Dewey Decimal Classification |
| Koha item type | Books |
| Lost status | Source of classification or shelving scheme | Damaged status | Not for loan | Collection code | Permanent Location | Current Location | Shelving location | Date acquired | Source of acquisition | Cost, normal purchase price | Total Checkouts | Full call number | Date last seen | Copy number | Koha item type |
|---|---|---|---|---|---|---|---|---|---|---|---|---|---|---|---|
| Dewey Decimal Classification | Not For Loan | Non-fiction | Central Library, University of Rajshahi | Central Library, University of Rajshahi | Reading Room | 30/11/1967 | Book View | 30.00 | 636.0885 RUP 1959 | 31/05/2017 | C-1 | Books |